A study of the quest for self in Paulo Coelho's Novels: (Record no. 172837)

MARC details
000 -LEADER
fixed length control field 00594nam a22001817a 4500
005 - DATE AND TIME OF LATEST TRANSACTION
control field 20200213143615.0
010 ## - LCCN (DPL NO)
LC control number ENG-127732
020 ## - INTERNATIONAL STANDARD BOOK NUMBER
Terms of availability 110.00
International Standard Book Number 9789388927420
035 ## - SYSTEM CONTROL NUMBER
System control number EN-111264
037 ## - SOURCE OF ACQUISITION
Source of stock number/acquisition DBAD/PUB
082 ## - DEWEY DECIMAL CLASSIFICATION NUMBER
Classification number 883.08
100 ## - MAIN ENTRY--PERSONAL NAME
Personal name Makwana Pradeep
245 ## - TITLE STATEMENT
Title A study of the quest for self in Paulo Coelho's Novels:
Statement of responsibility, etc by Makwana Pradeep
Remainder of title the pilgrimage, the alchemist and aleph/
260 ## - PUBLICATION, DISTRIBUTION, ETC. (IMPRINT)
Place of publication, distribution, etc Ahmedabad
Date of publication, distribution, etc 2019
Name of publisher, distributor, etc Vedant Publication
270 ## - ADDRESS
Address Rajkot, Ahmedabad, Surat
Postal code 360001
City Ahmedabad
300 ## - PHYSICAL DESCRIPTION
Extent 154p.
Other physical details 21cm(pbk)
942 ## - ADDED ENTRY ELEMENTS (KOHA)
Source of classification or shelving scheme Dewey Decimal Classification
Item type English Books
Classification part 883.08
Call number suffix MAK
Holdings
Withdrawn status Lost status Not for loan Collection code Home library Current library Date acquired Source of acquisition Cost, normal purchase price Full call number Barcode Copy number Cost, replacement price Koha item type
    Not For Loan Non-fiction Central Library Central Library 13/02/2020 DBAD/PUB 110.00 883.08 MAK EN-111264 1 110.00 English Books

© Delhi Public Library
Hit Counter
free hit counter